000 00750nam a2200205 a 4500
003 0
005 20250212082757.0
008 120719s19uu xx 00 eng d
050 _aPGS QC 145
_b.L477 2012
100 _aLee, Myeong Heon.
245 _aDetermination of pH levels of different carbonated drinks /
_cMyeong Heon Lee.
260 _aLas PiƱas City, Philippines :
_bSouthville International School and Colleges,
_c2012.
300 _a20 pages :
_billustrations ;
_c28 cm.
504 _aIncludes bibliographical references.
650 _apH (Chemistry)
_vMeasurement.
650 _aSoft drinks
_v Analysis.
650 _aCarbonated beverages
_vComposition.
650 _aAcidity
_v Measurement -- Carbonated drinks
942 _2lcc
_cPASS
999 _c98726
_d98726